Music Quiz

Random Music or Clickable Quiz

US States In Song Titles Quiz Stats

Quiz Updated Jan 27, 2016

Challenge
Share
Tweet
Score 0/24 Timer 04:00
4 Plays Today
% Correct
California Gurls
92%
Sweet
Home
Alabama
82.8%
New York State Of Mind
77.9%
Georgia
On My
Mind
73.5%
The Yellow Rose Of Texas
64.6%
Oklahoma!
62.9%
The Tennessee Waltz
43.8%
Mississippi
Queen
43.3%
Blue Hawaii
41.1%
Meet Virginia
38.3%
Private Idaho
37.9%
I Guess He'd
Rather Be In
Colorado
34.8%
% Correct
PEnnsylvania 6-5000
33.5%
North To Alaska
31.1%
Kentucky Rain
29.6%
Ohio
28.3%
Kansas City
28%
Indiana
Wants Me
17.9%
Nebraska
16.5%
Washington
Square
16.1%
Massachusetts
15.1%
Moonlight In Vermont
12.9%
Arizona
11.4%
Meet Me In Montana
10.8%

You're not logged in!

Compare scores with friends on all Sporcle quizzes.
Sign Up with Email
OR
Log In

You Might Also Like...

Show Comments

Extras

Top Quizzes Today


Score Distribution

Your Account Isn't Verified!

In order to create a playlist on Sporcle, you need to verify the email address you used during registration. Go to your Sporcle Settings to finish the process.